[Event "EU-chT (Men) 08th"]
[Site "Plovdiv"]
[Date "1983.??.??"]
[Round "4.4"]
[White "Vaganian, Rafael A"]
[Black "Kristiansen, Jens"]
[Result "1/2-1/2"]
[WhiteElo "2550"]
[BlackElo "2445"]
[PlyCount "208"]
[EventDate "1983.06.23"]
[EventType "team-tourn"]
[EventRounds "7"]
[EventCountry "BUL"]
[SourceTitle "EU-chT"]
[Source "ChessBase"]
[SourceDate "1999.07.01"]
[SourceVersion "2"]
[SourceVersionDate "1999.07.01"]
[SourceQuality "1"]
[WhiteTeam "Soviet Union"]
[BlackTeam "Denmark"]
[WhiteTeamCountry "URS"]
[BlackTeamCountry "DEN"]

1. Nf3 f5 2. g3 Nf6 3. Bg2 e6 4. O-O Be7 5. d3 O-O 6. Nbd2 Nc6 7. c3 a5 8. a4
e5 9. e4 fxe4 10. dxe4 Bc5 11. Nc4 d6 12. Ne3 Kh8 13. Nh4 Be6 14. h3 Qd7 15.
Kh2 Rae8 16. Qd3 Nh5 17. Qb5 Rf7 18. Qe2 g6 19. Ng4 Ne7 20. Nh6 Rff8 21. Bg5
Ng8 22. Nxg8 Kxg8 23. Nf3 Qf7 24. Qd2 Qd7 25. b4 Bb6 26. Be3 Bxe3 27. Qxe3 Ra8
28. Rfd1 Qe8 29. Rdc1 Kg7 30. Nd2 Qf7 31. Rf1 h6 32. b5 b6 33. Bf3 Nf6 34. Kg2
g5 35. Rh1 Qg6 36. Be2 Rf7 37. Rae1 Raf8 38. Bf3 Nd7 39. Ref1 Nc5 40. Bd1 Bc8
41. f3 h5 42. Bc2 Kh7 43. Kf2 Qh6 44. Ke1 h4 45. g4 Bd7 46. Kf2 Qf6 47. Kg1 c6
48. bxc6 Bxc6 49. Ra1 Ra8 50. Kg2 Rb7 51. Nc4 Qe6 52. Nb2 Kg6 53. Nd3 Qc4 54.
Rhd1 Rf8 55. Nb2 Qe6 56. Rd2 Rbf7 57. Rf2 Rf6 58. Qe2 Kh6 59. Nd3 Qc4 60. Nxc5
Qxc5 61. Rb1 Rb8 62. Qe1 Be8 63. Bd1 Bc6 64. Bc2 Rbf8 65. Qd2 Rf4 66. c4 R4f6
67. Qd3 Rb8 68. Bd1 Be8 69. Rfb2 Rf7 70. Qd5 Qxd5 71. cxd5 Rfb7 72. Ra2 b5 73.
axb5 Bxb5 74. Kf2 Bc4 75. Rxb7 Rxb7 76. Rxa5 Rb2+ 77. Ke3 Bf1 78. Ra7 Bxh3 79.
Ra6 Bg2 80. Rxd6+ Kg7 81. Rd7+ Kg6 82. Rd8 h3 83. Rh8 Rb4 84. Kd2 Rd4+ 85. Ke1
Kg7 86. Rh5 Kg6 87. Be2 Kf6 88. Kf2 Rd2 89. Ke3 Rd4 90. Bb5 Rd1 91. Bd7 Rd4 92.
Rh7 Rb4 93. Be8 Rb3+ 94. Kd2 Rb8 95. Bc6 Kg6 96. Rh5 Bxf3 97. Rxh3 Bxe4 98. Kc3
Rc8 99. Kc4 Rxc6+ 100. dxc6 Bxc6 101. Rd3 Bg2 102. Rg3 Bb7 103. Kc5 Bc8 104.
Kd6 e4 1/2-1/2

[Event "EU-chT (Men) 08th"]
[Site "Plovdiv"]
[Date "1983.??.??"]
[Round "4.7"]
[White "Hoi, Carsten"]
[Black "Romanishin, Oleg M"]
[Result "0-1"]
[WhiteElo "2370"]
[BlackElo "2585"]
[PlyCount "36"]
[EventDate "1983.06.23"]
[EventType "team-tourn"]
[EventRounds "7"]
[EventCountry "BUL"]
[SourceTitle "EU-chT"]
[Source "ChessBase"]
[SourceDate "1999.07.01"]
[SourceVersion "2"]
[SourceVersionDate "1999.07.01"]
[SourceQuality "1"]
[WhiteTeam "Denmark"]
[BlackTeam "Soviet Union"]
[WhiteTeamCountry "DEN"]
[BlackTeamCountry "URS"]

1. d4 Nf6 2. c4 e6 3. Nc3 Bb4 4. e3 c5 5. Bd3 Nc6 6. Nge2 d5 7. a3 Bxc3+ 8.
bxc3 dxc4 9. Bxc4 O-O 10. O-O e5 11. Bb2 Bf5 12. f3 Qb6 13. Qd2 Na5 14. Ba2 Be6
15. dxe5 Bxa2 16. exf6 Rfd8 17. Qc2 Bc4 18. Rfd1 Rxd1+ 0-1

[Event "EU-chT (Men) 08th"]
[Site "Plovdiv"]
[Date "1983.??.??"]
[Round "4.8"]
[White "Jussupow, Artur"]
[Black "Brinck Claussen, Bjorn"]
[Result "1-0"]
[WhiteElo "2565"]
[BlackElo "2380"]
[PlyCount "69"]
[EventDate "1983.06.23"]
[EventType "team-tourn"]
[EventRounds "7"]
[EventCountry "BUL"]
[SourceTitle "EU-chT"]
[Source "ChessBase"]
[SourceDate "1999.07.01"]
[SourceVersion "2"]
[SourceVersionDate "1999.07.01"]
[SourceQuality "1"]
[WhiteTeam "Soviet Union"]
[BlackTeam "Denmark"]
[WhiteTeamCountry "URS"]
[BlackTeamCountry "DEN"]

1. d4 Nf6 2. Nf3 g6 3. c4 Bg7 4. Nc3 d5 5. cxd5 Nxd5 6. e4 Nxc3 7. bxc3 c5 8.
Rb1 O-O 9. Be2 b6 10. O-O Bb7 11. Qd3 e6 12. Bg5 Qc7 13. Qe3 Nd7 14. e5 Rac8
15. Nd2 cxd4 16. cxd4 Qc3 17. Bb5 Qxe3 18. fxe3 Rc2 19. Rf2 Nb8 20. Nc4 Rxf2
21. Kxf2 f6 22. exf6 Bxf6 23. Bxf6 Rxf6+ 24. Kg3 Bc6 25. a4 Bxb5 26. axb5 Rf7
27. Ne5 Rc7 28. Ra1 Kf8 29. Kf4 Ke7 30. h4 Kd6 31. Ra4 Nd7 32. Nc6 e5+ 33.
dxe5+ Ke6 34. Kg5 Nc5 35. Rf4 1-0

[Event "EU-chT (Men) 08th"]
[Site "Plovdiv"]
[Date "1983.??.??"]
[Round "5.1"]
[White "Radulov, Ivan"]
[Black "Mortensen, Erling"]
[Result "1/2-1/2"]
[WhiteElo "2495"]
[BlackElo "2475"]
[PlyCount "81"]
[EventDate "1983.06.23"]
[EventType "team-tourn"]
[EventRounds "7"]
[EventCountry "BUL"]
[SourceTitle "EU-chT"]
[Source "ChessBase"]
[SourceDate "1999.07.01"]
[SourceVersion "2"]
[SourceVersionDate "1999.07.01"]
[SourceQuality "1"]
[WhiteTeam "Bulgaria"]
[BlackTeam "Denmark"]
[WhiteTeamCountry "BUL"]
[BlackTeamCountry "DEN"]

1. e4 c5 2. Nf3 e6 3. d4 cxd4 4. Nxd4 Nf6 5. Nc3 d6 6. f4 a6 7. Qf3 Qb6 8. Nb3
Qc7 9. g4 b5 10. g5 Nfd7 11. a3 Nc6 12. Be3 b4 13. axb4 Nxb4 14. Qf2 Be7 15.
Bg2 Rb8 16. O-O O-O 17. Ra4 Re8 18. h4 Nc6 19. f5 Nde5 20. Bh3 Bf8 21. fxe6
fxe6 22. Nd4 g6 23. Nxc6 Qxc6 24. Bd4 Rb7 25. Bxe5 dxe5 26. Kh1 Bg7 27. Qe2
Rxb2 28. Rc4 Qb7 29. Qd3 Rb4 30. Rxb4 Qxb4 31. Rb1 Qc5 32. Na4 Qf2 33. Rb8 Qxh4
34. Nb6 Qe1+ 35. Kg2 Qh4 36. Rxc8 Rxc8 37. Nxc8 Qxg5+ 38. Kf1 Bf8 39. Bxe6+ Kg7
40. Bh3 Bc5 41. Ke2 1/2-1/2

[Event "EU-chT (Men) 08th"]
[Site "Plovdiv"]
[Date "1983.??.??"]
[Round "5.2"]
[White "Hansen, Curt"]
[Black "Inkiov, Ventzislav"]
[Result "1/2-1/2"]
[WhiteElo "2450"]
[BlackElo "2500"]
[PlyCount "46"]
[EventDate "1983.06.23"]
[EventType "team-tourn"]
[EventRounds "7"]
[EventCountry "BUL"]
[SourceTitle "EU-chT"]
[Source "ChessBase"]
[SourceDate "1999.07.01"]
[SourceVersion "2"]
[SourceVersionDate "1999.07.01"]
[SourceQuality "1"]
[WhiteTeam "Denmark"]
[BlackTeam "Bulgaria"]
[WhiteTeamCountry "DEN"]
[BlackTeamCountry "BUL"]

1. c4 e6 2. Nc3 d5 3. d4 Nf6 4. Bg5 Nbd7 5. e3 c6 6. cxd5 exd5 7. Bd3 Be7 8.
Nf3 O-O 9. Qc2 Re8 10. O-O Nf8 11. Rab1 a5 12. a3 Ne4 13. Bxe7 Qxe7 14. Bxe4
dxe4 15. Nd2 f5 16. b4 axb4 17. axb4 Ng6 18. b5 Be6 19. Ra1 Rad8 20. bxc6 bxc6
21. Ne2 Bd5 22. g3 Rd6 23. Qc5 Qe6 1/2-1/2

[Event "EU-chT (Men) 08th"]
[Site "Plovdiv"]
[Date "1983.??.??"]
[Round "5.3"]
[White "Velikov, Petar"]
[Black "Fedder, Steen"]
[Result "1-0"]
[WhiteElo "2475"]
[BlackElo "2440"]
[PlyCount "101"]
[EventDate "1983.06.23"]
[EventType "team-tourn"]
[EventRounds "7"]
[EventCountry "BUL"]
[SourceTitle "EU-chT"]
[Source "ChessBase"]
[SourceDate "1999.07.01"]
[SourceVersion "2"]
[SourceVersionDate "1999.07.01"]
[SourceQuality "1"]
[WhiteTeam "Bulgaria"]
[BlackTeam "Denmark"]
[WhiteTeamCountry "BUL"]
[BlackTeamCountry "DEN"]

1. c4 c5 2. Nf3 Nf6 3. g3 g6 4. Bg2 Bg7 5. O-O O-O 6. d4 cxd4 7. Nxd4 Nc6 8.
Nc3 Qa5 9. Nb3 Qh5 10. Nd5 d6 11. Nf4 Qe5 12. Nd3 Qe6 13. c5 Rd8 14. cxd6 exd6
15. Bf4 Qe8 16. Rc1 Bg4 17. Rc2 a5 18. Be3 Bf5 19. Bb6 Rdc8 20. Nd4 Nxd4 21.
Bxd4 Be4 22. Rxc8 Rxc8 23. Nf4 Bxg2 24. Kxg2 Qe4+ 25. f3 Qc6 26. Qd3 Nd5 27.
Bxg7 Nxf4+ 28. gxf4 Kxg7 29. Rd1 Qc2 30. Qd4+ Kh6 31. Rd2 Qc5 32. Qxd6 Qxd6 33.
Rxd6 Rc2 34. Rb6 Rxe2+ 35. Kg3 Re7 36. f5 Rc7 37. a3 Kg5 38. fxg6 hxg6 39. Rb5+
f5 40. Rxa5 Kf6 41. Rb5 g5 42. h4 gxh4+ 43. Kxh4 Rg7 44. a4 f4 45. a5 Ke6 46.
Rg5 Rf7 47. Kg4 Rc7 48. Rb5 Rf7 49. b4 Kd6 50. Rf5 Rc7 51. Rxf4 1-0

[Event "EU-chT (Men) 08th"]
[Site "Plovdiv"]
[Date "1983.??.??"]
[Round "5.4"]
[White "Jakobsen, Ole"]
[Black "Spassov, Liuben"]
[Result "0-1"]
[WhiteElo "2445"]
[BlackElo "2460"]
[PlyCount "66"]
[EventDate "1983.06.23"]
[EventType "team-tourn"]
[EventRounds "7"]
[EventCountry "BUL"]
[SourceTitle "EU-chT"]
[Source "ChessBase"]
[SourceDate "1999.07.01"]
[SourceVersion "2"]
[SourceVersionDate "1999.07.01"]
[SourceQuality "1"]
[WhiteTeam "Denmark"]
[BlackTeam "Bulgaria"]
[WhiteTeamCountry "DEN"]
[BlackTeamCountry "BUL"]

1. d4 Nf6 2. c4 e6 3. Nf3 b6 4. Nc3 Bb4 5. e3 Bb7 6. Bd3 O-O 7. Bd2 d5 8. Qe2
dxc4 9. Bxc4 Nbd7 10. O-O c5 11. Rfd1 cxd4 12. exd4 Rc8 13. Bd3 Re8 14. Ne5 Nf8
15. a3 Bxc3 16. bxc3 Ng6 17. Re1 Nd5 18. Qf3 Qf6 19. Qg3 Qe7 20. c4 Nf6 21. Bg5
Qc7 22. Bxf6 gxf6 23. Ng4 Kg7 24. Qh3 Qf4 25. g3 Qf3 26. Be4 Bxe4 27. Qh6+ Kh8
28. Rxe4 Rg8 29. d5 Rg7 30. Qe3 Nh4 31. gxh4 Rxg4+ 32. Rxg4 Qxg4+ 33. Qg3 Qd4
0-1

[Event "EU-chT (Men) 08th"]
[Site "Plovdiv"]
[Date "1983.??.??"]
[Round "5.5"]
[White "Georgiev, Krum"]
[Black "Ost Hansen, Jacob"]
[Result "0-1"]
[WhiteElo "2440"]
[BlackElo "2415"]
[PlyCount "88"]
[EventDate "1983.06.23"]
[EventType "team-tourn"]
[EventRounds "7"]
[EventCountry "BUL"]
[SourceTitle "EU-chT"]
[Source "ChessBase"]
[SourceDate "1999.07.01"]
[SourceVersion "2"]
[SourceVersionDate "1999.07.01"]
[SourceQuality "1"]
[WhiteTeam "Bulgaria"]
[BlackTeam "Denmark"]
[WhiteTeamCountry "BUL"]
[BlackTeamCountry "DEN"]

1. e4 c5 2. Nf3 e6 3. d3 d5 4. Nbd2 Nc6 5. c3 Nf6 6. Be2 Be7 7. O-O O-O 8. a3
a5 9. a4 b6 10. Ne1 Ba6 11. f4 c4 12. e5 cxd3 13. Bxd3 Bc5+ 14. Kh1 Bxd3 15.
Nxd3 Nd7 16. Nb3 f5 17. Qe2 Qc8 18. Rf3 Qa6 19. Rh3 Rf7 20. Be3 Be7 21. Qc2 Rc8
22. Qe2 Nc5 23. Nbc1 Nb8 24. Qd1 Nbd7 25. Nf2 Ne4 26. Nxe4 fxe4 27. Nb3 Bc5 28.
Qg4 Rf5 29. Rg1 Nf8 30. Qh4 Qe2 31. Nxc5 bxc5 32. g4 Rf7 33. f5 Qa6 34. Bg5 Re8
35. Be3 Qc6 36. Qg3 Qc7 37. Rh5 Rb8 38. Qf2 Rc8 39. Qg3 Qc6 40. Qh3 Qd7 41. Qh4
d4 42. cxd4 cxd4 43. fxe6 Qxe6 44. Bxd4 e3 0-1

[Event "EU-chT (Men) 08th"]
[Site "Plovdiv"]
[Date "1983.??.??"]
[Round "5.6"]
[White "Holm, Sejer"]
[Black "Ermenkov, Evgenij"]
[Result "0-1"]
[WhiteElo "2345"]
[BlackElo "2455"]
[PlyCount "80"]
[EventDate "1983.06.23"]
[EventType "team-tourn"]
[EventRounds "7"]
[EventCountry "BUL"]
[SourceTitle "EU-chT"]
[Source "ChessBase"]
[SourceDate "1999.07.01"]
[SourceVersion "2"]
[SourceVersionDate "1999.07.01"]
[SourceQuality "1"]
[WhiteTeam "Denmark"]
[BlackTeam "Bulgaria"]
[WhiteTeamCountry "DEN"]
[BlackTeamCountry "BUL"]

1. d4 Nf6 2. c4 g6 3. Nc3 Bg7 4. e4 d6 5. Nge2 c5 6. h3 O-O 7. Be3 Nbd7 8. d5
b5 9. cxb5 a6 10. Ng3 Qa5 11. Qd2 axb5 12. Bxb5 Ba6 13. Bxa6 Qxa6 14. Rd1 Rfb8
15. f4 h5 16. b3 h4 17. Nge2 Rb4 18. Qc2 Rc8 19. O-O c4 20. Nd4 cxb3 21. axb3
Nxe4 22. Qxe4 Rxc3 23. Qxe7 Nf6 24. f5 g5 25. Bxg5 Nxd5 26. Qd8+ Kh7 27. f6 Bh8
28. Qe8 Qb7 29. Qe2 Rg3 30. Bxh4 Rg6 31. Rf5 Ne3 32. Rh5+ Kg8 33. Rg5 Rxg5 34.
Bxg5 Nxd1 35. Nf5 Qe4 36. Ne7+ Kf8 37. Qa6 Qe1+ 38. Kh2 Qe5+ 39. g3 Bxf6 40.
Nc6 Qxg5 0-1

[Event "EU-chT (Men) 08th"]
[Site "Plovdiv"]
[Date "1983.??.??"]
[Round "5.7"]
[White "Spiridonov, Nikola"]
[Black "Brinck Claussen, Bjorn"]
[Result "1/2-1/2"]
[WhiteElo "2405"]
[BlackElo "2380"]
[PlyCount "74"]
[EventDate "1983.06.23"]
[EventType "team-tourn"]
[EventRounds "7"]
[EventCountry "BUL"]
[SourceTitle "EU-chT"]
[Source "ChessBase"]
[SourceDate "1999.07.01"]
[SourceVersion "2"]
[SourceVersionDate "1999.07.01"]
[SourceQuality "1"]
[WhiteTeam "Bulgaria"]
[BlackTeam "Denmark"]
[WhiteTeamCountry "BUL"]
[BlackTeamCountry "DEN"]

1. c4 c5 2. Nf3 Nf6 3. Nc3 e6 4. g3 b6 5. Bg2 Bb7 6. O-O Be7 7. d4 cxd4 8. Qxd4
d6 9. Rd1 a6 10. b3 Nbd7 11. e4 Qb8 12. Ba3 Nc5 13. e5 dxe5 14. Qxe5 Ncd7 15.
Qxb8+ Rxb8 16. Bd6 Bxd6 17. Rxd6 Ke7 18. Rad1 Rhc8 19. Ng5 Bxg2 20. Kxg2 Rb7
21. Nge4 Nxe4 22. Nxe4 Nc5 23. Nxc5 Rxc5 24. R1d4 h5 25. h4 Rcc7 26. Rd8 b5 27.
Ra8 bxc4 28. Rxc4 Rxc4 29. bxc4 Rc7 30. Rxa6 Rxc4 31. Ra7+ Kf6 32. a4 g6 33.
Kf3 Rb4 34. a5 Ra4 35. a6 e5 36. Ke3 Ra2 37. f3 Ra3+ 1/2-1/2

[Event "EU-chT (Men) 08th"]
[Site "Plovdiv"]
[Date "1983.??.??"]
[Round "5.8"]
[White "Fries Nielsen, Jens Ove"]
[Black "Georgiev, Kiril"]
[Result "1-0"]
[WhiteElo "2440"]
[BlackElo "2410"]
[PlyCount "139"]
[EventDate "1983.06.23"]
[EventType "team-tourn"]
[EventRounds "7"]
[EventCountry "BUL"]
[SourceTitle "EU-chT"]
[Source "ChessBase"]
[SourceDate "1999.07.01"]
[SourceVersion "2"]
[SourceVersionDate "1999.07.01"]
[SourceQuality "1"]
[WhiteTeam "Denmark"]
[BlackTeam "Bulgaria"]
[WhiteTeamCountry "DEN"]
[BlackTeamCountry "BUL"]

1. e4 c5 2. Nf3 d6 3. d4 cxd4 4. Nxd4 Nf6 5. Nc3 g6 6. Be2 Bg7 7. O-O O-O 8.
Be3 Nc6 9. Nb3 Be6 10. f4 Qc8 11. Kh1 Rd8 12. Bf3 Bc4 13. Re1 e5 14. Nd5 exf4
15. Nxf4 Ne5 16. Nd2 d5 17. Nxc4 dxe4 18. Nxe5 Rxd1 19. Bxd1 g5 20. Nh3 Nd5 21.
Bd4 Qc7 22. Rxe4 Re8 23. Bh5 Rxe5 24. Bxe5 Bxe5 25. Nxg5 Nf6 26. Bxf7+ Kh8 27.
Rc4 Qd6 28. Bh5 Qd5 29. Nf7+ Kg7 30. Nxe5 Qxe5 31. Bf3 Qxb2 32. Rd1 Qb6 33. a4
a5 34. h3 Kg6 35. Be2 Kg7 36. Rf1 Qe6 37. Bd3 h5 38. Rc7+ Kh6 39. Rxb7 Ne4 40.
Bxe4 Qxe4 41. Rb6+ Kg5 42. Rb5+ Kh4 43. Rb3 Qxc2 44. Rbf3 Kg5 45. Rf4 Qe2 46.
h4+ Kg6 47. Rf6+ Kg7 48. Rf7+ Kg8 49. R7f5 Kg7 50. Kh2 Qc4 51. R1f4 Qc1 52.
Rg5+ Kh6 53. Rf6+ Kh7 54. Rff5 Qc7+ 55. Re5 Kh6 56. Rxh5+ Kg6 57. Rhg5+ Kh6 58.
Rh5+ Kg6 59. Rhf5 Kh6 60. g3 Qc2+ 61. Kh3 Qxa4 62. Rxa5 Qd1 63. Rf6+ Kg7 64.
Raf5 Qh1+ 65. Kg4 Qd1+ 66. Kg5 Qd8 67. g4 Kh7 68. Kh5 Qe8+ 69. Rf7+ Kh8 70. Kh6
1-0

[Event "EU-chT (Men) 08th"]
[Site "Plovdiv"]
[Date "1983.??.??"]
[Round "6.1"]
[White "Mortensen, Erling"]
[Black "Ljubojevic, Ljubomir"]
[Result "1/2-1/2"]
[WhiteElo "2475"]
[BlackElo "2645"]
[PlyCount "76"]
[EventDate "1983.06.23"]
[EventType "team-tourn"]
[EventRounds "7"]
[EventCountry "BUL"]
[SourceTitle "EU-chT"]
[Source "ChessBase"]
[SourceDate "1999.07.01"]
[SourceVersion "2"]
[SourceVersionDate "1999.07.01"]
[SourceQuality "1"]
[WhiteTeam "Denmark"]
[BlackTeam "Yugoslavia"]
[WhiteTeamCountry "DEN"]
[BlackTeamCountry "YUG"]

1. e4 c5 2. Nf3 d6 3. d4 cxd4 4. Nxd4 Nf6 5. Nc3 a6 6. Be2 e5 7. Nb3 Be7 8. O-O
Be6 9. Be3 O-O 10. f4 exf4 11. Bxf4 Nc6 12. Kh1 Qb6 13. Nd5 Bxd5 14. exd5 Ne5
15. c4 Ne4 16. Qd4 Qxd4 17. Nxd4 g6 18. Rac1 Bf6 19. Be3 Rfe8 20. Rfd1 h5 21.
Bg1 Ng4 22. Bxg4 hxg4 23. g3 Ng5 24. Rc2 Re4 25. b4 Rae8 26. c5 Nh3 27. Nb3 Re1
28. Rxe1 Rxe1 29. Rc1 Rxc1 30. Nxc1 Nxg1 31. c6 bxc6 32. dxc6 Bd8 33. Kxg1 Kg7
34. Ne2 Kf6 35. Nc3 Ke6 36. b5 Ba5 37. c7 Kd7 38. Ne4 Kxc7 1/2-1/2

[Event "EU-chT (Men) 08th"]
[Site "Plovdiv"]
[Date "1983.??.??"]
[Round "6.2"]
[White "Gligoric, Svetozar"]
[Black "Hansen, Curt"]
[Result "1-0"]
[WhiteElo "2510"]
[BlackElo "2450"]
[PlyCount "93"]
[EventDate "1983.06.23"]
[EventType "team-tourn"]
[EventRounds "7"]
[EventCountry "BUL"]
[SourceTitle "EU-chT"]
[Source "ChessBase"]
[SourceDate "1999.07.01"]
[SourceVersion "2"]
[SourceVersionDate "1999.07.01"]
[SourceQuality "1"]
[WhiteTeam "Yugoslavia"]
[BlackTeam "Denmark"]
[WhiteTeamCountry "YUG"]
[BlackTeamCountry "DEN"]

1. d4 Nf6 2. c4 e6 3. Nf3 d5 4. Nc3 Be7 5. Bg5 O-O 6. e3 h6 7. Bxf6 Bxf6 8. Rc1
c6 9. Bd3 Nd7 10. O-O dxc4 11. Bxc4 e5 12. Bb3 exd4 13. exd4 Re8 14. h3 Nb6 15.
Re1 Bf5 16. Rxe8+ Qxe8 17. Qd2 Qd7 18. Re1 Qd6 19. Ne5 Bxe5 20. Rxe5 Bg6 21.
Qf4 Rd8 22. Ne2 Nd5 23. Qg3 Qb4 24. Bxd5 cxd5 25. Qc3 Qa4 26. Qc7 Rf8 27. Nc3
Qxd4 28. Rxd5 Qf6 29. Qxb7 Re8 30. Rd1 Bc2 31. Qd7 Rb8 32. Qc7 Rxb2 33. Nd5 Qg5
34. Ne7+ Kh7 35. Qd8 Rb8 36. Qxb8 Qxe7 37. Rc1 Be4 38. Qf4 Bg6 39. a4 a5 40.
Kh2 Qa3 41. Rc8 Qb3 42. Rc5 Qb6 43. Qe5 f6 44. Qc7 Qxc7+ 45. Rxc7 Be8 46. Rc4
g5 47. Re4 1-0

[Event "EU-chT (Men) 08th"]
[Site "Plovdiv"]
[Date "1983.??.??"]
[Round "6.4"]
[White "Kovacevic, Vlatko"]
[Black "Kristiansen, Jens"]
[Result "1-0"]
[WhiteElo "2555"]
[BlackElo "2445"]
[PlyCount "71"]
[EventDate "1983.06.23"]
[EventType "team-tourn"]
[EventRounds "7"]
[EventCountry "BUL"]
[SourceTitle "EU-chT"]
[Source "ChessBase"]
[SourceDate "1999.07.01"]
[SourceVersion "2"]
[SourceVersionDate "1999.07.01"]
[SourceQuality "1"]
[WhiteTeam "Yugoslavia"]
[BlackTeam "Denmark"]
[WhiteTeamCountry "YUG"]
[BlackTeamCountry "DEN"]

1. d4 f5 2. Bg5 g6 3. Nc3 d5 4. h4 Bg7 5. e3 c6 6. Bd3 Be6 7. Nf3 Nd7 8. h5
Ngf6 9. hxg6 hxg6 10. Rxh8+ Bxh8 11. Ne2 Bf7 12. Nf4 Ne4 13. Ke2 Nf8 14. Qh1
Bf6 15. Bh6 Ne6 16. g4 fxg4 17. Nd2 Nxf4+ 18. Bxf4 Nxd2 19. Kxd2 Qa5+ 20. Ke2
O-O-O 21. a4 g5 22. Bg3 Be6 23. Qb1 Rf8 24. b4 Qd8 25. Ra3 Bd7 26. Rc3 e5 27.
dxe5 Bg7 28. b5 Qa5 29. Qb3 Rf3 30. Rc5 b6 31. e6 bxc5 32. exd7+ Kxd7 33. bxc6+
Ke6 34. Qb7 Rxg3 35. Qd7+ Kf6 36. Qd6+ 1-0

[Event "EU-chT (Men) 08th"]
[Site "Plovdiv"]
[Date "1983.??.??"]
[Round "6.5"]
[White "Ost Hansen, Jacob"]
[Black "Hulak, Krunoslav"]
[Result "1-0"]
[WhiteElo "2415"]
[BlackElo "2515"]
[PlyCount "79"]
[EventDate "1983.06.23"]
[EventType "team-tourn"]
[EventRounds "7"]
[EventCountry "BUL"]
[SourceTitle "EU-chT"]
[Source "ChessBase"]
[SourceDate "1999.07.01"]
[SourceVersion "2"]
[SourceVersionDate "1999.07.01"]
[SourceQuality "1"]
[WhiteTeam "Denmark"]
[BlackTeam "Yugoslavia"]
[WhiteTeamCountry "DEN"]
[BlackTeamCountry "YUG"]

1. g3 g6 2. Bg2 Bg7 3. e4 c5 4. d3 Nc6 5. Nc3 d6 6. Nh3 e6 7. O-O Nge7 8. Be3
Rb8 9. Qd2 O-O 10. Bh6 b6 11. Bxg7 Kxg7 12. f4 Qd7 13. Rae1 h6 14. Kh1 f5 15.
Nd1 Bb7 16. c3 Ng8 17. Ne3 Nf6 18. Bf3 Ne7 19. Qg2 fxe4 20. dxe4 e5 21. Rd1 Qc6
22. Nf2 Rbe8 23. Rd2 exf4 24. gxf4 Kh7 25. Rg1 Rg8 26. Qh3 Rg7 27. Rg3 Qc7 28.
Qxh6+ Kg8 29. Qg5 Nh7 30. Qg4 Bc8 31. Qh4 Rf8 32. Nfg4 Kh8 33. Nh6 d5 34. Nxd5
Nxd5 35. Rxd5 Bb7 36. Rd1 Rxf4 37. Rd8+ Nf8 38. Nf7+ Kg8 39. Qh8+ Kxf7 40.
Qxf8+ 1-0

[Event "EU-chT (Men) 08th"]
[Site "Plovdiv"]
[Date "1983.??.??"]
[Round "6.6"]
[White "Ivanovic, Bozidar"]
[Black "Hoi, Carsten"]
[Result "1-0"]
[WhiteElo "2480"]
[BlackElo "2370"]
[PlyCount "59"]
[EventDate "1983.06.23"]
[EventType "team-tourn"]
[EventRounds "7"]
[EventCountry "BUL"]
[SourceTitle "EU-chT"]
[Source "ChessBase"]
[SourceDate "1999.07.01"]
[SourceVersion "2"]
[SourceVersionDate "1999.07.01"]
[SourceQuality "1"]
[WhiteTeam "Yugoslavia"]
[BlackTeam "Denmark"]
[WhiteTeamCountry "YUG"]
[BlackTeamCountry "DEN"]

1. e4 d6 2. d4 Nf6 3. Nc3 g6 4. Bg5 Bg7 5. e5 dxe5 6. dxe5 Ng4 7. Qxd8+ Kxd8 8.
Rd1+ Bd7 9. e6 fxe6 10. Nf3 Nc6 11. Na4 b6 12. Bb5 Nb8 13. Bxd7 Nxd7 14. h3
Nge5 15. Nd4 Bf6 16. Nxe6+ Kc8 17. O-O h6 18. Bf4 g5 19. Bg3 Kb7 20. Rfe1 Kc6
21. Nc3 Rac8 22. Re4 h5 23. Kf1 g4 24. Rd5 gxh3 25. gxh3 Nf3 26. Rc4+ Nc5 27.
Rd3 h4 28. Bf4 Ne5 29. Bxe5 Bxe5 30. b4 1-0

[Event "EU-chT (Men) 08th"]
[Site "Plovdiv"]
[Date "1983.??.??"]
[Round "6.7"]
[White "Brinck Claussen, Bjorn"]
[Black "Djuric, Stefan"]
[Result "0-1"]
[WhiteElo "2380"]
[BlackElo "2515"]
[PlyCount "84"]
[EventDate "1983.06.23"]
[EventType "team-tourn"]
[EventRounds "7"]
[EventCountry "BUL"]
[SourceTitle "EU-chT"]
[Source "ChessBase"]
[SourceDate "1999.07.01"]
[SourceVersion "2"]
[SourceVersionDate "1999.07.01"]
[SourceQuality "1"]
[WhiteTeam "Denmark"]
[BlackTeam "Yugoslavia"]
[WhiteTeamCountry "DEN"]
[BlackTeamCountry "YUG"]

1. d4 Nf6 2. c4 g6 3. Nc3 Bg7 4. e4 d6 5. Nf3 O-O 6. Be2 e5 7. O-O Nc6 8. d5
Ne7 9. Ne1 Nd7 10. Nd3 f5 11. Bd2 Kh8 12. b4 Ng8 13. f3 Bh6 14. Rc1 Bxd2 15.
Qxd2 f4 16. c5 g5 17. cxd6 cxd6 18. Nb5 Ndf6 19. Nf2 Rf7 20. Qc3 g4 21. fxg4
Qb6 22. Kh1 Bd7 23. Qc7 Bxb5 24. Qxb6 axb6 25. Bxb5 Rg7 26. Rc2 Nxg4 27. Nxg4
Rxg4 28. Bd7 Rg7 29. Be6 Nf6 30. Rfc1 Rg5 31. Rc8+ Rxc8 32. Rxc8+ Kg7 33. Rc7+
Kh6 34. Bf5 Rg7 35. Rc3 Kg5 36. a3 Nxd5 37. Rd3 Ne3 38. h4+ Kxh4 39. Rxd6 Rc7
40. Rh6+ Kg3 41. Rh3+ Kf2 42. Rf3+ Ke2 0-1

[Event "EU-chT (Men) 08th"]
[Site "Plovdiv"]
[Date "1983.??.??"]
[Round "6.8"]
[White "Cebalo, Miso"]
[Black "Fries Nielsen, Jens Ove"]
[Result "1/2-1/2"]
[WhiteElo "2460"]
[BlackElo "2440"]
[PlyCount "52"]
[EventDate "1983.06.23"]
[EventType "team-tourn"]
[EventRounds "7"]
[EventCountry "BUL"]
[SourceTitle "EU-chT"]
[Source "ChessBase"]
[SourceDate "1999.07.01"]
[SourceVersion "2"]
[SourceVersionDate "1999.07.01"]
[SourceQuality "1"]
[WhiteTeam "Yugoslavia"]
[BlackTeam "Denmark"]
[WhiteTeamCountry "YUG"]
[BlackTeamCountry "DEN"]

1. c4 e5 2. Nc3 d6 3. d4 Nd7 4. Nf3 Ngf6 5. Bg5 Be7 6. e3 O-O 7. Qc2 c6 8. Bd3
h6 9. h4 exd4 10. exd4 d5 11. Kf1 dxc4 12. Bxc4 Nb6 13. Bb3 Nfd5 14. Bxe7 Qxe7
15. Re1 Qf6 16. Ne5 Nxc3 17. bxc3 Be6 18. g4 Bxb3 19. axb3 Qd6 20. g5 h5 21.
Rh3 Rae8 22. Qd1 c5 23. Rg3 cxd4 24. cxd4 g6 25. Rc3 Rd8 26. Qf3 Nd5 1/2-1/2

[Event "EU-chT (Men) 08th"]
[Site "Plovdiv"]
[Date "1983.??.??"]
[Round "7.1"]
[White "Timman, Jan H"]
[Black "Mortensen, Erling"]
[Result "1-0"]
[WhiteElo "2605"]
[BlackElo "2475"]
[PlyCount "49"]
[EventDate "1983.06.23"]
[EventType "team-tourn"]
[EventRounds "7"]
[EventCountry "BUL"]
[SourceTitle "EU-chT"]
[Source "ChessBase"]
[SourceDate "1999.07.01"]
[SourceVersion "2"]
[SourceVersionDate "1999.07.01"]
[SourceQuality "1"]
[WhiteTeam "Netherlands"]
[BlackTeam "Denmark"]
[WhiteTeamCountry "NED"]
[BlackTeamCountry "DEN"]

1. e4 e5 2. Nf3 Nc6 3. Bb5 a6 4. Ba4 d6 5. Bxc6+ bxc6 6. d4 exd4 7. Qxd4 c5 8.
Qd3 Bb7 9. Nc3 Ne7 10. Bg5 Qd7 11. O-O-O f6 12. Be3 O-O-O 13. Qc4 Qe8 14. Rhe1
Kb8 15. a3 Nc8 16. b4 Nb6 17. Qb3 Be7 18. Nd5 Nxd5 19. exd5 Qd7 20. Nd2 c6 21.
dxc6 Qxc6 22. Nc4 Rhe8 23. bxc5 dxc5 24. Bf4+ Ka8 25. Rxd8+ 1-0